| 000 | 00351nam a22001337a 4500 | ||
|---|---|---|---|
| 999 |
_c535357 _d535357 |
||
| 020 | _a969-35-1956-6 | ||
| 040 | _cMSOHAIL | ||
| 082 |
_a891.4391 _bATI |
||
| 100 |
_a Khwaja Hyder Ali Aatish _929865 |
||
| 245 | _aKulliyat-e-Aatish - کلیا ت ِ آتش | ||
| 260 |
_aLahore _bSang-e-Meel Publication _c2007 |
||
| 300 | _a432;pxv | ||
| 942 |
_2ddc _cBK |
||